Civil procedure / (Record no. 4673)
[ view plain ]
| 000 -LEADER | |
|---|---|
| fixed length control field | 00716cam a2200193 a 4500 |
| 020 ## - INTERNATIONAL STANDARD BOOK NUMBER | |
| ISBN | 0735544697 |
| 020 ## - INTERNATIONAL STANDARD BOOK NUMBER | |
| ISBN | 9780735544697 |
| 050 00 - CALL NUMBER | |
| Classification number | KF8841 |
| Item number | .E524 |
| 100 1# - AUTHOR | |
| Personal name | Emanuel, Steven. |
| 245 10 - TITLE | |
| Title | Civil procedure / |
| Statement of responsibility, etc | Steven L. Emanuel. |
| 250 ## - EDITION | |
| Edition statement | 2nd ed. |
| 260 ## - PUBLICATION INFORMATION | |
| Place of publication | New York : |
| Name of publisher | Aspen Publishers, |
| Year of publication | c2003. |
| 300 ## - DESCRIPTION | |
| Number of Pages | vii, 293 p. : |
| Other physical details | ill. ; |
| Dimensions | 26 cm. |
| 440 #4 - SERIES | |
| SERIES | The CrunchTime series |
| 500 ## - NOTES | |
| General note | Includes index. |
| 505 ## - FORMATTED CONTENTS NOTE | |
| Table of Content | Flow charts & tables --<br/>Capsule summary --<br/>Exam tips --<br/>Short-answer questions --<br/>Answers to short-answer questions --<br/>Multiple-choice questions --<br/>Answers to multiple choice questions --<br/>Essay exam questions & answers. |
| 650 #0 - SUBJECTS | |
| Topical Term | Civil procedure |
| 942 ## - ADDED ENTRY ELEMENTS (KOHA) | |
| Koha item type | Books |
| Withdrawn status | Lost status | Collection code | Home library | Current library | Shelving location | Date acquired | Full call number | Accession Number | Koha item type |
|---|---|---|---|---|---|---|---|---|---|
| Reference | Methodist University Law Library | Methodist University Law Library | General Stacks | KF8841 .E524 | 4965 | Reference |